000 00484nam a2200193Ia 4500
005 20240823050129.0
008 240823s9999||||xx |||||||||||||| ||und||
020 _a978-81-7758-433-2
041 _aENGLISH
082 _A547.139 Q1
100 _aPeter Sykes
245 2 _aA Guide book to Mechanism in Organic Chemistry
250 _a6th
260 _c2011
_b"Pearson ,Sing"
500 _aTRANSFERED
650 _aorganic chemistry
_bChemistry
942 _cBK
999 _c216546
_d216546